| 000 | 00379nam a22001217a 4500 | ||
|---|---|---|---|
| 082 | _aTHE 200 | ||
| 100 |
_aALTAF HUSSAIN, _956525 |
||
| 245 | _aTH-SOF-0639-ENHANCEMENT AND IMPLEMENTATION OF MATURITY MODEL FOR SOFTWARE PROCESS IMPROVEMENT.PDF | ||
| 260 |
_aNUST COLLEGE OF EME _bISLAMABAD _c2018 |
||
| 650 | _aMS-CSE-7 MSTHESIS | ||
| 700 |
_aDR RASHID AHMAD _972898 |
||
| 942 | _cCF | ||
| 999 |
_c578867 _d578867 |
||